00473 2200181 4500001002100000005001500021035002000036008004100056245007200097100002200169250000600191260003400197300001200231084001400243082000800257650001400265990001200279INLIS00000000000019720240502022529 a0010-0424000173240502 0 ind 1 aIslamic Rose Book : Kisah Orang-Orang Teladan 3 /cLinda D. Delgado aDelgado, Linda D. a1 aSolo :bTiga Serangkai,c2005 a200 hlm a200 LIN i a200 4aNon Fiksi a0732457